| 000 | 00422nam a2200145Ia 4500 | ||
|---|---|---|---|
| 008 | 230917s9999||||xx |||||||||||||| ||und|| | ||
| 040 |
_e177517 _aMAIN |
||
| 041 | _aEnglish | ||
| 082 | _a891.433721 SK12D | ||
| 100 | _aसोबती, कृष्णा | ||
| 245 | 0 | _aदिलोदानिश उपन्यास का स्त्री-विमर्श | |
| 260 | _c2005 | ||
| 300 | _a140 p. | ||
| 942 | _cTH | ||
| 999 |
_c124587 _d124587 |
||